000 00354nam a22001217a 4500
008 230704b xxu||||| |||| 00| 0 eng d
082 _a342
_bCKRC
110 _bConstitution of Kenya Review Commission
245 _aSource Book for Civic Education
_bReferendum 2005
260 _bConstitution of Kenya Review Commission
300 _a112p
942 _2ddc
_cBK
999 _c3736
_d3736